Sports Quiz

Random Sports or Clickable Quiz

Three Players, Same Team (NFL) Quiz Stats

Quiz Updated Sep 8, 2016

Challenge
Share
Tweet
Embed
Score 0/32 Timer 05:00
0 Plays Today
% Correct
Jets
82.7%
49ers
82.6%
Colts
81.2%
Broncos
81%
Raiders
77%
Eagles
74.8%
Bengals
74.2%
Bears
74.2%
Titans
73.9%
Browns
71.1%
Cowboys
69.8%
Vikings
66.6%
Saints
65.9%
Steelers
64.8%
Packers
64.1%
Ravens
62.6%
% Correct
Texans
60.7%
Cardinals
58.6%
Giants
54%
Lions
52.8%
Patriots
49.9%
Buccaneers
49.4%
Falcons
47.4%
Seahawks
42.3%
Panthers
42.2%
Redskins
41.2%
Jaguars
39.2%
Bills
38.1%
Dolphins
37.4%
Chiefs
29.5%
Chargers
24.7%
Rams
14.7%

You're not logged in!

Compare scores with friends on all Sporcle quizzes.
Join for Free
OR
Log In

You Might Also Like...

Show Comments

Extras

Top Quizzes Today


Score Distribution

Your Account Isn't Verified!

In order to create a playlist on Sporcle, you need to verify the email address you used during registration. Go to your Sporcle Settings to finish the process.

Report this User

Report this user for behavior that violates our Community Guidelines.

Details: